| 000 | 00577nam a2200217Ia 4500 | ||
|---|---|---|---|
| 005 | 20250923150120.0 | ||
| 008 | 008 250917s9999 xx 000 0 eng d | ||
| 037 | _aTextual | ||
| 040 |
_aDSWL _beng _cDSWL |
||
| 041 |
_aeng _2eng |
||
| 084 | _qDSWL | ||
| 100 |
_aVerma, S _9842391 |
||
| 245 | 0 |
_aAdolescene in India : An annotated bibliography _c by Sverma |
|
| 260 |
_aJaipur _bRawat Publication India _c2002 |
||
| 300 | _a477p. | ||
| 365 |
_aINR _b400 |
||
| 700 |
_a T.S SARASWATHI _9842392 |
||
| 925 | _g400 | ||
| 942 | _cTEXL | ||
| 999 |
_c1459715 _d1459715 |
||